01438nam a2200277 a 450000100090000000300090000900500170001800800410003504000250007604900090010108200240011024500930013426000900022730000270031750002210034465000510056565000330061665100720064965100720072165100680079391000410086194200140090295201180091695201090103499900170114300001568DO-SdBNP20211101094941.0100217s1955 dr 001 0 spa d aDO-SdBNPbspacBNPHU aBNPD 4222a336.3435bT776t03aEl tratado Trujillo-Hull y la cancelación total de la deuda externa de la República. aCiudad Trujillo, República Dominicana :bSecretaría de Estado de Finanzas,c1955. a118, [14] p. ;c23 cm. aA la cabeza de la portada: Publicación de la Secretaría de Estado de Finanzas, contentiva de históricos documentos, en ocación del Año del Benefactor, conmemorativo del 25 aniversario de la Era de Trujillo.14aDeuda públicazRepública Dominicana91001614aTratado trujillo-hull91001714aEstados UnidosxRelaciones ExterioreszRepública Dominicana9630914aRepública DominicanaxRelaciones ExterioreszEstados Unidos9630814aRepública DominicanaxPolítica EconómicaxHistoria910018 aValidado. Control de calidad MMOLINA 2ddccLBS1 001050718RVaPDbPDcHDd2010-02-17iLF1l0o336.3435 T776tp15689-10r2020-06-25w2020-06-25y1ZNo se presta 00102ddc51708MOaBNPHUbPDcHDd2021-11-01l0oBNPHU PD 336.3435 T776tr2021-11-01w2021-11-01yLBS1 c15241d15241